1476 1379 1381 1713 1370 1250 1282 1490 1847 1067 1250 1845 1402 1135 1104 1237 1752 1853 1786 1381 1054 1863 1506 1445 1212 1522 1324 1589 1811 1987 1873 1497 1840 1758 1915 1782 1771 1306 1997 1629 1263 1672 1518 1315 1986 1245 1525 1484 1091 1991 1381 1976 1416 1427 1033 1621 1208 1885 1554 1054 1501 1398 1041 1391 1124 1138 1153 1656 1395 1983 1139 1725 1897 1073 1808 1990 1428 1334 1271 1602 1107 1900 1853 1831 1638 1677 1416 1125 1009 1763 1328 1126 1141 1226 1186 1807 1568 1554 1261 BCNSPRNW ULIB Ver.6.0+V

เปลี่ยนเป็นภาษาไทย

Change to English
 แสดงรายละเอียดบรรณานุกรม
  กลับหน้าหลัก

Brief Record : Get Marc (ISO 2709) : E-mail record : QR code < ปิดหน้าต่าง
LEADER : 00000nam 2200000uu 4500
001    13399127509
003     ULIB
008    200911s2562||||th 000 0 tha d
020 ^   ^a9786163124159 :^c300 บาท
050 0   ^aนว.^bร196พ
100 ^   ^aรอมแพง.
245 1   ^aพรหมลิขิต^cรอมแพง.
250 ^   ^aพิมพ์ครั้งที่ 1.
260 ^   ^aกรุงเทพฯ^bแฮปปี้ บานานา^c2562.
300 ^   ^a536 หน้า ; 19 ซม.
945    ^p300^l0^i007109
999    ^aประนอม เกษจรัล
รายการนี้ยังไม่มีแท็ก
คุณยังไม่ได้ล็อกอิน คุณสามารถมีกิจกรรมร่วมกับเว็บไซต์ได้ แต่ต้องล็อกอินก่อน ::
  ล็อกอิน

รายการสื่อสารสนเทศ

ลำดับที่ ประเภท เลขเรียก/บาร์โค้ด สถานที่ สถานะ
1. นวนิยาย
นวนิยาย
นว. ร196พ ฉ.1 
  Barcode: 007109
ห้องสมุดวิทยาเขตนครสวรรค์
►นวนิยาย:l:Fiction
บนชั้น

รายการใกล้เคียง
    ผู้แต่ง [รอมแพง.]

BibComment


ยังไม่เคยถูกคอมเมนท์

คอมเมนท์ทรัพยากรรายการนี้
  คอมเมนท์: พรหมลิขิต รอมแพง


 Copyright 2026. Bcnsprnw @Library